Score 0/40 Timer 02:00
0 Plays Today
Hint Answer (Y or N) % Correct
Adolf Hitler???
93.4%
Joseph Stalin???
93%
Kim Jong-il???
92.9%
Saddam Hussein???
92.6%
Benito Mussolini???
92.5%
Fidel Castro???
92.5%
Mao Zedong???
90.9%
Stephen Hawking???
90.3%
Muammar Gaddafi???
89.9%
Edgar Allan Poe???
89.7%
Pol Pot???
86.8%
Ho Chi Minh???
86.5%
Francisco Franco???
86.2%
Anton Yelchin???
86.1%
Andrea Bocelli???
85.9%
Robert Mugabe???
84.5%
Edgar Degas???
83.5%
Idi Amin???
82.7%
Franz Kafka???
82.1%
Leonhard Euler???
81.9%
Hint Answer (Y or N) % Correct
Maurice Ravel???
81.8%
Ruhollah Khomeini???
80.5%
Augusto Pinochet???
80.4%
Josip Broz Tito???
79.7%
Gabriel García Márquez???
76.2%
Nicolae Ceaușescu???
75.3%
Yao Ming???
74.5%
Takaaki Kajita???
73.8%
Yuri Oganessian???
73.5%
Kōhei Uchimura???
71.8%
Shigeru Miyamoto???
70.9%
Juan Martin Del Potro???
70%
Atandwa Kani???
70%
Ferdinand Marcos???
69.9%
Son Heung-min???
67.6%
Maulana Karenga???
66.1%
Sun Tzu???
65.3%
Salman Khan???
63.5%
Suharto???
62.1%
François Duvalier???
54.4%
Remove Ads.
Support Sporcle.
Get the best of Sporcle when you Go Orange. This ad-free experience offers more features, more stats, and more fun while also helping to support Sporcle. Thank you for becoming a member.

You're not logged in!

Compare scores with friends on all Sporcle quizzes.
OR
Log In

Show Comments

Extras

Top Quizzes Today


Score Distribution

Your Account Isn't Verified!

In order to create a playlist on Sporcle, you need to verify the email address you used during registration. Go to your Sporcle Settings to finish the process.

Report this User

Report this user for behavior that violates our Community Guidelines.

Details: